01438nam a2200337Ia 4500001001200000003000800012006001900020007001500039008004100054010001700095020004300112020004000155020001800195040002100213035002100234050002400255082001600279100003200295245013800327260006500465300001500530504005100545533015200596650005000748651005600798651005700854655002900911710001700940856012600957999001701083ebr10682511CaPaEBRm u cr cn|||||||||121121s2013 mau sb 001 0 eng d z 2012039279 z9780674073135 (hardcover : alk. paper) z0674073134 (hardcover : alk. paper) z9780674076099 aCaPaEBRcCaPaEBR a(OCoLC)83687012414aDS62.8b.T46 2013eb04a320.9562221 aThompson, Elizabeth,d1959-10aJustice interruptedh[electronic resource] :bthe struggle for constitutional government in the Middle East /cElizabeth F. Thompson. aCambridge, Massachusetts :bHarvard University Press,c2013. axi, 418 p. aIncludes bibliographical references and index. aElectronic reproduction.bPalo Alto, Calif. :cebrary,d2013.nAvailable via World Wide Web.nAccess may be limited to ebrary affiliated libraries. 0aRepresentative government and representation. 0aMiddle EastxPolitics and governmenty20th century. 0aMiddle EastxPolitics and governmentty19th century. 7aElectronic books.2local2 aebrary, Inc.40uhttp://site.ebrary.com/lib/rucke/Doc?id=10682511zAn electronic book accessible through the World Wide Web; click to view c13591d13591